| 000 | 00718nam a2200253Ia 4500 | ||
|---|---|---|---|
| 003 | OSt | ||
| 005 | 20220925231627.0 | ||
| 006 | a|||||r|||| 00| 0 | ||
| 007 | ta | ||
| 008 | 220923b |||||||| |||| 00| 0 eng d | ||
| 020 | _a0 7190 2652 0 | ||
| 037 | _cGeneral Book | ||
| 040 |
_aRTL _cRTL _beng |
||
| 041 |
_2eng _aeng |
||
| 082 | _aX.3.L, M8 | ||
| 100 | _aKerridge Eric | ||
| 245 | 0 | _aTrade and banking in early modern England | |
| 260 |
_aManchester _bManchester Uiversity Press _c1988 |
||
| 300 |
_a185p. _ccm. |
||
| 500 | _aBibliography:P 100-162 | ||
| 650 |
_aGreat Britain Economic Conditions _9237853 |
||
| 942 |
_hX.3.L, M8 _cGB _2CC |
||
| 999 |
_c588987 _d588987 |
||